[Event "ESP-chT Div Honor"]
[Site "Monzon"]
[Date "2016.09.28"]
[Round "3.4"]
[White "Harikrishna, Pentala"]
[Black "Radjabov, Teimour"]
[Result "1/2-1/2"]
[WhiteElo "2752"]
[BlackElo "2722"]
[PlyCount "60"]
[EventDate "2016.09.26"]
[EventType "team-tourn"]
[EventRounds "7"]
[EventCountry "ESP"]
[SourceTitle "CBM 174 Extra"]
[Source "ChessBase"]
[SourceDate "2016.10.10"]
[SourceVersion "1"]
[SourceVersionDate "2016.10.10"]
[SourceQuality "1"]
[WhiteTeam "Solvay"]
[BlackTeam "Sestao Fundacion EDP"]
[WhiteTeamCountry "ESP"]
[BlackTeamCountry "ESP"]

1. e4 c5 2. Nf3 Nc6 3. d4 cxd4 4. Nxd4 e5 5. Nb5 d6 6. N1c3 a6 7. Na3 Nf6 8.
Bg5 Be6 9. Nc4 Rb8 10. Nd5 Bxd5 11. Bxf6 Qxf6 12. Qxd5 Nb4 13. Qd2 d5 14. a3
dxc4 15. axb4 Rd8 16. Qe3 Qg6 17. c3 Be7 18. h4 O-O 19. h5 Qg4 20. g3 b5 21.
Be2 Qe6 22. O-O Rd6 23. Rfd1 Rfd8 24. Rxd6 Rxd6 25. Rd1 Rxd1+ 26. Bxd1 g6 27.
Qd2 Qc6 28. hxg6 hxg6 29. Bf3 Kg7 30. Kg2 Qe6 1/2-1/2

[Event "ESP-chT Div Honor"]
[Site "Monzon"]
[Date "2016.09.29"]
[Round "4.1"]
[White "Banusz, Tamas"]
[Black "Radjabov, Teimour"]
[Result "1-0"]
[WhiteElo "2613"]
[BlackElo "2722"]
[PlyCount "81"]
[EventDate "2016.09.26"]
[EventType "team-tourn"]
[EventRounds "7"]
[EventCountry "ESP"]
[SourceTitle "CBM 174 Extra"]
[Source "ChessBase"]
[SourceDate "2016.10.10"]
[SourceVersion "1"]
[SourceVersionDate "2016.10.10"]
[SourceQuality "1"]
[WhiteTeam "Jaime Casas"]
[BlackTeam "Sestao Fundacion EDP"]
[WhiteTeamCountry "ESP"]
[BlackTeamCountry "ESP"]

1. Nf3 Nf6 2. c4 g6 3. g3 Bg7 4. Bg2 O-O 5. d4 d6 6. O-O Nc6 7. Nc3 e5 8. dxe5
dxe5 9. Bg5 Be6 10. Nd2 Qc8 11. Nd5 Nd7 12. b4 h6 13. Be3 Re8 14. Rc1 Nd4 15.
Bxd4 exd4 16. Nb3 c5 17. bxc5 Nxc5 18. Nxd4 Bh3 19. Nb5 Bxg2 20. Kxg2 Re5 21.
f4 Re4 22. Nd6 Qe6 23. Nxe4 Qxe4+ 24. Rf3 Re8 25. Rc2 g5 26. h3 Ne6 27. Qd3 Nd4
28. Qxe4 Rxe4 29. Re3 Rxe3 30. Nxe3 gxf4 31. gxf4 Nxc2 32. Nxc2 Kf8 33. Ne3 Ke8
34. Nf5 Bf8 35. e4 Kd7 36. e5 Kc6 37. Kf3 Kc5 38. Ke4 a5 39. Kd3 a4 40. Kc3 b6
41. Nd6 1-0

[Event "ESP-chT Div Honor"]
[Site "Monzon"]
[Date "2016.09.30"]
[Round "5.4"]
[White "Radjabov, Teimour"]
[Black "Van Wely, Loek"]
[Result "1/2-1/2"]
[WhiteElo "2722"]
[BlackElo "2674"]
[PlyCount "60"]
[EventDate "2016.09.26"]
[EventType "team-tourn"]
[EventRounds "7"]
[EventCountry "ESP"]
[SourceTitle "CBM 174 Extra"]
[Source "ChessBase"]
[SourceDate "2016.10.10"]
[SourceVersion "1"]
[SourceVersionDate "2016.10.10"]
[SourceQuality "1"]
[WhiteTeam "Sestao Fundacion EDP"]
[BlackTeam "Gros Xake Taldea"]
[WhiteTeamCountry "ESP"]
[BlackTeamCountry "ESP"]

1. d4 Nf6 2. c4 g6 3. Nc3 d5 4. Bg5 Ne4 5. Bh4 Nxc3 6. bxc3 dxc4 7. e3 Be6 8.
Nf3 Bg7 9. Qb1 b6 10. Ng5 Bd5 11. e4 h6 12. exd5 hxg5 13. Qb5+ Qd7 14. Qxd7+
Nxd7 15. Bxg5 b5 16. a4 b4 17. Rc1 bxc3 18. Rxc3 Rb8 19. Rxc4 Nb6 20. Rxc7 Nxd5
21. Rc5 e6 22. Bb5+ Kf8 23. O-O Bxd4 24. Rc4 e5 25. Rfc1 Kg7 26. g3 Rb6 27. Kg2
a6 28. Bc6 Nf6 29. h3 Rb2 30. R1c2 Rhb8 1/2-1/2

[Event "ESP-chT Div Honor"]
[Site "Monzon"]
[Date "2016.10.01"]
[Round "6.2"]
[White "Anton Guijarro, David"]
[Black "Radjabov, Teimour"]
[Result "1-0"]
[WhiteElo "2630"]
[BlackElo "2722"]
[PlyCount "61"]
[EventDate "2016.09.26"]
[EventType "team-tourn"]
[EventRounds "7"]
[EventCountry "ESP"]
[SourceTitle "CBM 174 Extra"]
[Source "ChessBase"]
[SourceDate "2016.10.10"]
[SourceVersion "1"]
[SourceVersionDate "2016.10.10"]
[SourceQuality "1"]
[WhiteTeam "Atocha VTI"]
[BlackTeam "Sestao Fundacion EDP"]
[WhiteTeamCountry "ESP"]
[BlackTeamCountry "ESP"]

1. d4 Nf6 2. c4 g6 3. Nc3 Bg7 4. e4 d6 5. h3 O-O 6. Be3 c5 7. Nf3 cxd4 8. Nxd4
b6 9. g3 Bb7 10. Bg2 Nbd7 11. O-O Rc8 12. b3 Ba8 13. Re1 a6 14. a4 e6 15. g4 h6
16. Qd2 Nc5 17. Qc2 Qc7 18. Rad1 Rfd8 19. Nde2 Qb8 20. Ng3 Kh7 21. g5 hxg5 22.
Bxg5 e5 23. h4 Ne6 24. Bh3 Nd4 25. Qd3 Nd7 26. b4 f6 27. Nge2 Qc7 28. Nxd4 exd4
29. Nd5 Qxc4 30. Bxd7 fxg5 31. Qh3 1-0

[Event "EU-Cup 32nd"]
[Site "Novi Sad"]
[Date "2016.11.06"]
[Round "1.2"]
[White "Radjabov, Teimour"]
[Black "Commercon, Simon"]
[Result "1-0"]
[WhiteElo "2696"]
[BlackElo "2266"]
[PlyCount "63"]
[EventDate "2016.11.06"]
[EventType "team-swiss"]
[EventRounds "7"]
[EventCountry "SRB"]
[SourceTitle "CBM 176"]
[Source "ChessBase"]
[SourceDate "2017.01.17"]
[SourceVersion "1"]
[SourceVersionDate "2017.01.17"]
[SourceQuality "1"]
[WhiteTeam "Odlar Yurdu"]
[BlackTeam "Bieles The Smashing Pawns"]
[WhiteTeamCountry "AZE"]
[BlackTeamCountry "LUX"]

1. e4 d5 2. exd5 Qxd5 3. Nc3 Qd6 4. d4 Nf6 5. Nf3 g6 6. Nb5 Qd8 7. Bf4 Na6 8.
c3 Bg7 9. Be2 O-O 10. O-O c6 11. Na3 Nc7 12. Nc4 Ncd5 13. Be5 Nh5 14. Bxg7 Nxg7
15. Qd2 Bg4 16. Nce5 Bxf3 17. Bxf3 Qd6 18. Rfe1 Nf5 19. Rad1 Rad8 20. Be4 Ng7
21. Qc1 Nh5 22. Bf3 Nhf6 23. c4 Nb4 24. a3 Na6 25. Qh6 c5 26. Bxb7 cxd4 27. b4
Nb8 28. c5 Qc7 29. Bf3 Nfd7 30. Rxd4 Nxe5 31. Rh4 Nxf3+ 32. gxf3 1-0

[Event "EU-Cup 32nd"]
[Site "Novi Sad"]
[Date "2016.11.07"]
[Round "2.2"]
[White "Roiz, Michael"]
[Black "Radjabov, Teimour"]
[Result "1/2-1/2"]
[WhiteElo "2605"]
[BlackElo "2696"]
[PlyCount "48"]
[EventDate "2016.11.06"]
[EventType "team-swiss"]
[EventRounds "7"]
[EventCountry "SRB"]
[SourceTitle "CBM 176"]
[Source "ChessBase"]
[SourceDate "2017.01.17"]
[SourceVersion "1"]
[SourceVersionDate "2017.01.17"]
[SourceQuality "1"]
[WhiteTeam "Beer Sheva"]
[BlackTeam "Odlar Yurdu"]
[WhiteTeamCountry "ISR"]
[BlackTeamCountry "AZE"]

1. d4 d5 2. c4 c6 3. Nf3 Nf6 4. Nc3 dxc4 5. a4 Bf5 6. e3 e6 7. Bxc4 Bb4 8. O-O
Nbd7 9. Qe2 O-O 10. e4 Bg6 11. Bd3 Bh5 12. e5 Nd5 13. Nxd5 cxd5 14. Qe3 Re8 15.
Bd2 Qa5 16. Bxb4 Qxb4 17. Qd2 Qxd2 18. Nxd2 Nb8 19. a5 Nc6 20. Ra4 Rec8 21. Rc1
Ne7 22. Raa1 Nc6 23. Ra4 Ne7 24. Raa1 Nc6 1/2-1/2

[Event "EU-Cup 32nd"]
[Site "Novi Sad"]
[Date "2016.11.08"]
[Round "3.2"]
[White "Radjabov, Teimour"]
[Black "Indjic, Aleksandar"]
[Result "1-0"]
[WhiteElo "2696"]
[BlackElo "2573"]
[PlyCount "39"]
[EventDate "2016.11.06"]
[EventType "team-swiss"]
[EventRounds "7"]
[EventCountry "SRB"]
[SourceTitle "CBM 176"]
[Source "ChessBase"]
[SourceDate "2017.01.17"]
[SourceVersion "1"]
[SourceVersionDate "2017.01.17"]
[SourceQuality "1"]
[WhiteTeam "Odlar Yurdu"]
[BlackTeam "Itaka"]
[WhiteTeamCountry "AZE"]
[BlackTeamCountry "SRB"]

1. Nf3 Nf6 2. c4 e6 3. g3 b6 4. Bg2 Bb7 5. d4 Be7 6. O-O O-O 7. Nc3 Ne4 8. Qc2
Nxc3 9. Qxc3 Be4 10. Rd1 d6 11. Qe3 d5 12. Ne5 Bxg2 13. Kxg2 c6 14. cxd5 cxd5
15. Bd2 Qd6 16. Rac1 f6 17. Nf3 Nc6 18. Rc2 Rac8 19. Rdc1 Rc7 20. Bb4 1-0

[Event "EU-Cup 32nd"]
[Site "Novi Sad"]
[Date "2016.11.09"]
[Round "4.2"]
[White "Radjabov, Teimour"]
[Black "Giri, Anish"]
[Result "1/2-1/2"]
[WhiteElo "2696"]
[BlackElo "2767"]
[PlyCount "103"]
[EventDate "2016.11.06"]
[EventType "team-swiss"]
[EventRounds "7"]
[EventCountry "SRB"]
[SourceTitle "CBM 176"]
[Source "ChessBase"]
[SourceDate "2017.01.17"]
[SourceVersion "1"]
[SourceVersionDate "2017.01.17"]
[SourceQuality "1"]
[WhiteTeam "Odlar Yurdu"]
[BlackTeam "Siberia"]
[WhiteTeamCountry "AZE"]
[BlackTeamCountry "RUS"]

1. e4 c5 2. Nf3 d6 3. d4 cxd4 4. Nxd4 Nf6 5. Nc3 a6 6. Bg5 e6 7. f4 Qb6 8. Qd2
Qxb2 9. Rb1 Qa3 10. e5 h6 11. Bh4 dxe5 12. fxe5 Nfd7 13. Ne4 Qxa2 14. Rd1 Qd5
15. Qe3 Qxe5 16. Be2 Bc5 17. Bg3 Qd5 18. c4 Bxd4 19. Rxd4 Qa5+ 20. Rd2 O-O 21.
Bd6 f5 22. Bxf8 Nxf8 23. Nd6 Nbd7 24. Bf3 Rb8 25. Kf2 Qc5 26. Rb1 b6 27. Qxc5
Nxc5 28. Nxc8 Rxc8 29. Rxb6 Ncd7 30. Rxa6 Rxc4 31. Ra7 Kf7 32. Rdxd7+ Nxd7 33.
Rxd7+ Kf6 34. h3 g6 35. g3 h5 36. h4 g5 37. hxg5+ Kxg5 38. Rg7+ Kf6 39. Rh7 f4
40. gxf4 Rxf4 41. Rxh5 Rf5 42. Rh6+ Ke7 43. Ke3 Ra5 44. Bg4 Ra3+ 45. Kf4 Ra4+
46. Kg5 Re4 47. Rh7+ Kd6 48. Ra7 Re1 49. Kg6 Re4 50. Kg5 Re1 51. Bh5 Rg1+ 52.
Bg4 1/2-1/2

[Event "EU-Cup 32nd"]
[Site "Novi Sad"]
[Date "2016.11.10"]
[Round "5.1"]
[White "Radjabov, Teimour"]
[Black "Heimann, Andreas"]
[Result "1-0"]
[WhiteElo "2696"]
[BlackElo "2586"]
[PlyCount "71"]
[EventDate "2016.11.06"]
[EventType "team-swiss"]
[EventRounds "7"]
[EventCountry "SRB"]
[SourceTitle "CBM 176"]
[Source "ChessBase"]
[SourceDate "2017.01.17"]
[SourceVersion "1"]
[SourceVersionDate "2017.01.17"]
[SourceQuality "1"]
[WhiteTeam "Odlar Yurdu"]
[BlackTeam "Riehen"]
[WhiteTeamCountry "AZE"]
[BlackTeamCountry "SUI"]

1. e4 c5 2. Nf3 d6 3. d4 cxd4 4. Nxd4 Nf6 5. Nc3 a6 6. Bg5 e6 7. Qf3 Be7 8. Be2
Nbd7 9. Rd1 Qa5 10. Bd2 Qb6 11. Nb3 O-O 12. O-O Qc7 13. a4 b6 14. Qg3 Kh8 15.
Be3 Bb7 16. f3 Rac8 17. Qf2 Rfd8 18. Rd2 Nc5 19. Rfd1 h6 20. Bf1 Nfd7 21. Kh1
Rb8 22. Bf4 Nf6 23. a5 Nxb3 24. axb6 Qc5 25. cxb3 Qxf2 26. Rxf2 Bc6 27. Be3 Nd7
28. Ra1 Bg5 29. f4 Bf6 30. Ra5 Nc5 31. e5 Bh4 32. Rc2 Nxb3 33. Ra3 d5 34. Rxb3
d4 35. Ne2 Be4 36. Nxd4 1-0

[Event "EU-Cup 32nd"]
[Site "Novi Sad"]
[Date "2016.11.11"]
[Round "6.2"]
[White "Radjabov, Teimour"]
[Black "Aronian, Levon"]
[Result "1/2-1/2"]
[WhiteElo "2696"]
[BlackElo "2795"]
[PlyCount "61"]
[EventDate "2016.11.06"]
[EventType "team-swiss"]
[EventRounds "7"]
[EventCountry "SRB"]
[SourceTitle "CBM 176"]
[Source "ChessBase"]
[SourceDate "2017.01.17"]
[SourceVersion "1"]
[SourceVersionDate "2017.01.17"]
[SourceQuality "1"]
[WhiteTeam "Odlar Yurdu"]
[BlackTeam "Padova"]
[WhiteTeamCountry "AZE"]
[BlackTeamCountry "ITA"]

1. d4 Nf6 2. c4 e6 3. Nf3 d5 4. g3 Be7 5. Bg2 O-O 6. O-O dxc4 7. Ne5 Nc6 8.
Bxc6 bxc6 9. Nxc6 Qe8 10. Nxe7+ Qxe7 11. Qa4 e5 12. dxe5 Qxe5 13. Nc3 Ne4 14.
Qb5 c5 15. Qxc4 Nxc3 16. bxc3 Be6 17. Qd3 Rad8 18. Qe3 Qh5 19. Re1 Rfe8 20. Qg5
Qh3 21. Qh4 Qxh4 22. gxh4 Bc4 23. f3 Rxe2 24. Rxe2 Bxe2 25. Kf2 Bc4 26. Be3 Rd3
27. Bxc5 Rxc3 28. Bxa7 Ra3 29. Bc5 Rxa2+ 30. Rxa2 Bxa2 31. Kg3 1/2-1/2

[Event "Wch Rapid"]
[Site "Doha"]
[Date "2016.12.26"]
[Round "1"]
[White "Radjabov, Teimour"]
[Black "Anton Guijarro, David"]
[Result "1/2-1/2"]
[WhiteElo "2710"]
[BlackElo "2650"]
[PlyCount "128"]
[EventDate "2016.12.26"]
[EventType "swiss (rapid)"]
[EventRounds "15"]
[EventCountry "QAT"]
[SourceTitle "CBM 176"]
[Source "ChessBase"]
[SourceDate "2017.01.17"]
[SourceVersion "1"]
[SourceVersionDate "2017.01.17"]
[SourceQuality "1"]

1. Nf3 Nf6 2. d4 e6 3. c4 b6 4. g3 Bb7 5. Bg2 Be7 6. O-O O-O 7. Nc3 Ne4 8. Qc2
Nxc3 9. Qxc3 d6 10. b3 a5 11. Bb2 Nd7 12. Rfd1 Be4 13. Qe3 d5 14. Rac1 c6 15.
a4 Rc8 16. Nd2 Bxg2 17. Kxg2 Re8 18. Qf3 Nf6 19. Rc2 Qd7 20. Rdc1 Bf8 21. Qd3
Red8 22. Nf3 Qb7 23. cxd5 Nxd5 24. Ng5 g6 25. Qf3 Bg7 26. h4 Qd7 27. Rd2 h6 28.
Ne4 f5 29. Nc3 Nxc3 30. Bxc3 Qd5 31. Qxd5 Rxd5 32. Rdc2 c5 33. e3 cxd4 34. Bxd4
Rxc2 35. Rxc2 Bxd4 36. exd4 Rxd4 37. Rc6 Rb4 38. Rxe6 Kf7 39. Re3 g5 40. hxg5
hxg5 41. Kf3 Kf6 42. Ke2 f4 43. gxf4 gxf4 44. Rd3 Kf5 45. Rd5+ Ke4 46. Rd3 b5
47. axb5 Rxb5 48. Rc3 Kd4 49. Rc4+ Ke5 50. Ra4 Kf5 51. f3 Kg5 52. Kf2 Rxb3 53.
Rxa5+ Kh4 54. Ra2 Kh3 55. Rc2 Ra3 56. Rb2 Kh2 57. Rc2 Ra1 58. Rb2 Rc1 59. Ra2
Rg1 60. Ra4 Rg2+ 61. Kf1 Kg3 62. Rxf4 Rf2+ 63. Ke1 Rxf3 64. Rxf3+ Kxf3 1/2-1/2

[Event "Wch Rapid"]
[Site "Doha"]
[Date "2016.12.26"]
[Round "2"]
[White "Tregubov, Pavel V"]
[Black "Radjabov, Teimour"]
[Result "1/2-1/2"]
[WhiteElo "2585"]
[BlackElo "2710"]
[PlyCount "53"]
[EventDate "2016.12.26"]
[EventType "swiss (rapid)"]
[EventRounds "15"]
[EventCountry "QAT"]
[SourceTitle "CBM 176"]
[Source "ChessBase"]
[SourceDate "2017.01.17"]
[SourceVersion "1"]
[SourceVersionDate "2017.01.17"]
[SourceQuality "1"]

1. d4 Nf6 2. c4 e6 3. Nc3 d5 4. cxd5 exd5 5. Bg5 Be7 6. e3 c6 7. Qc2 Nbd7 8.
Bd3 Nh5 9. Bxe7 Qxe7 10. Nge2 Nb6 11. O-O g6 12. Ng3 Nxg3 13. hxg3 O-O 14. Rfe1
Be6 15. Ne2 Rfe8 16. Nf4 Bd7 17. a3 Qd6 18. Rac1 Kg7 19. Qc5 Qf6 20. b3 h5 21.
a4 Rad8 22. Qb4 Rb8 23. Qa5 Ra8 24. Qb4 Rab8 25. Qa5 Ra8 26. Qb4 Rab8 27. Qa5
1/2-1/2

[Event "Wch Rapid"]
[Site "Doha"]
[Date "2016.12.26"]
[Round "4"]
[White "Volokitin, Andrei"]
[Black "Radjabov, Teimour"]
[Result "1/2-1/2"]
[WhiteElo "2649"]
[BlackElo "2710"]
[PlyCount "132"]
[EventDate "2016.12.26"]
[EventType "swiss (rapid)"]
[EventRounds "15"]
[EventCountry "QAT"]
[SourceTitle "CBM 176"]
[Source "ChessBase"]
[SourceDate "2017.01.17"]
[SourceVersion "1"]
[SourceVersionDate "2017.01.17"]
[SourceQuality "1"]

1. e4 e5 2. Nf3 Nc6 3. Bb5 f5 4. Nc3 fxe4 5. Nxe4 Nf6 6. Nxf6+ Qxf6 7. Qe2 Be7
8. Bxc6 bxc6 9. Nxe5 Qe6 10. d4 O-O 11. Nd3 Qxe2+ 12. Kxe2 d6 13. Be3 a5 14. a4
Bf5 15. Kd2 Bf6 16. Rad1 Rab8 17. b3 h6 18. Kc1 Rfe8 19. Rhe1 Kf7 20. Nb2 Be6
21. f3 g5 22. Bf2 Bd5 23. Rxe8 Rxe8 24. Re1 Rg8 25. h3 h5 26. Nc4 g4 27. hxg4
hxg4 28. Nxa5 gxf3 29. gxf3 Ra8 30. b4 Bxf3 31. Kd2 Bd5 32. Be3 Be6 33. Rf1 Kg6
34. Rg1+ Kf7 35. Rf1 Kg6 36. Rg1+ Kf7 37. Rh1 Kg6 38. c3 Bd7 39. Ra1 Rh8 40.
Rg1+ Kf7 41. Rg2 Rh1 42. Rf2 Kg6 43. Nb3 Bf5 44. Nc1 Bh4 45. Rg2+ Kf7 46. Bf2
Bh3 47. Bxh4 Bxg2 48. Bd8 Bd5 49. Bxc7 Rh2+ 50. Kd3 Rh3+ 51. Kd2 Rh2+ 52. Kd3
Ke6 53. Ne2 Kd7 54. Bb6 Rh3+ 55. Kd2 Bc4 56. Nf4 Rh4 57. Ke3 Rg4 58. d5 cxd5
59. Bd4 Rg1 60. a5 Kc6 61. Kf2 Rf1+ 62. Ke3 Kb5 63. Nd3 Rf8 64. Nf4 Ka4 65. Nh5
Re8+ 66. Kf4 Re4+ 1/2-1/2

[Event "Wch Rapid"]
[Site "Doha"]
[Date "2016.12.27"]
[Round "7"]
[White "Radjabov, Teimour"]
[Black "Amin, Bassem"]
[Result "1-0"]
[WhiteElo "2710"]
[BlackElo "2662"]
[PlyCount "67"]
[EventDate "2016.12.26"]
[EventType "swiss (rapid)"]
[EventRounds "15"]
[EventCountry "QAT"]
[SourceTitle "CBM 176"]
[Source "ChessBase"]
[SourceDate "2017.01.17"]
[SourceVersion "1"]
[SourceVersionDate "2017.01.17"]
[SourceQuality "1"]

1. e4 e5 2. Nf3 Nc6 3. Bc4 Nf6 4. d3 h6 5. c3 d6 6. O-O g6 7. d4 Qe7 8. Re1 Bg7
9. Nbd2 O-O 10. h3 Kh8 11. a4 Bd7 12. a5 a6 13. Bd3 Rae8 14. Nf1 Nh7 15. dxe5
dxe5 16. b3 Nb8 17. Ne3 Be6 18. Ba3 c5 19. Bc4 Rd8 20. Qe2 Nc6 21. Bxe6 fxe6
22. Nc4 Rf4 23. Qe3 g5 24. Bxc5 Qf6 25. Rad1 Rg8 26. Bd6 g4 27. Nfxe5 Nxe5 28.
Bxe5 Qxe5 29. Nxe5 Bxe5 30. hxg4 Rfxg4 31. g3 h5 32. Kf1 Rf8 33. Ke2 Nf6 34.
Qc5 1-0

[Event "Wch Rapid"]
[Site "Doha"]
[Date "2016.12.27"]
[Round "8"]
[White "Amonatov, Farrukh"]
[Black "Radjabov, Teimour"]
[Result "1/2-1/2"]
[WhiteElo "2620"]
[BlackElo "2710"]
[PlyCount "126"]
[EventDate "2016.12.26"]
[EventType "swiss (rapid)"]
[EventRounds "15"]
[EventCountry "QAT"]
[SourceTitle "CBM 176"]
[Source "ChessBase"]
[SourceDate "2017.01.17"]
[SourceVersion "1"]
[SourceVersionDate "2017.01.17"]
[SourceQuality "1"]

1. e4 e5 2. Nf3 Nc6 3. Nc3 Nf6 4. g3 d5 5. exd5 Nxd5 6. Bg2 Nxc3 7. bxc3 Bd6 8.
O-O O-O 9. d3 h6 10. Nd2 Be6 11. a4 Qd7 12. Ne4 Be7 13. c4 Nd4 14. Bb2 Rad8 15.
a5 f5 16. Nd2 Bf6 17. Nf3 e4 18. Nxd4 Bxd4 19. Bxd4 Qxd4 20. Re1 Bf7 21. dxe4
Qxc4 22. Qb1 Qc5 23. Qxb7 Rd2 24. Re3 fxe4 25. Qxe4 Rxf2 26. Qe5 Qxc2 27. Be4
Qd2 28. Rd3 Qe2 29. Re3 Rf1+ 30. Rxf1 Qxe3+ 31. Rf2 Re8 32. Qxc7 Qe1+ 33. Rf1
Qe3+ 34. Rf2 Be6 35. Qc6 Qe1+ 36. Kg2 Bh3+ 37. Kxh3 Qxe4 38. Qd7 Re5 39. Qf7+
Kh7 40. Rf4 Qd5 41. Qxd5 Rxd5 42. Ra4 a6 43. Kg4 Kg6 44. h4 Rb5 45. Kf4 Kh5 46.
Kf3 g5 47. hxg5 hxg5 48. Ra3 Rc5 49. Kg2 Kg4 50. Ra4+ Kf5 51. Kf3 Rc3+ 52. Kf2
Rc2+ 53. Ke3 Rb2 54. Rc4 Rb3+ 55. Kd4 Ra3 56. g4+ Kxg4 57. Kc5+ Kf3 58. Kb6 g4
59. Kxa6 g3 60. Rc8 g2 61. Rg8 Rb3 62. Ka7 Kf2 63. Rxg2+ Kxg2 1/2-1/2

[Event "Wch Rapid"]
[Site "Doha"]
[Date "2016.12.27"]
[Round "10"]
[White "Cheparinov, Ivan"]
[Black "Radjabov, Teimour"]
[Result "1/2-1/2"]
[WhiteElo "2689"]
[BlackElo "2710"]
[PlyCount "111"]
[EventDate "2016.12.26"]
[EventType "swiss (rapid)"]
[EventRounds "15"]
[EventCountry "QAT"]
[SourceTitle "CBM 176"]
[Source "ChessBase"]
[SourceDate "2017.01.17"]
[SourceVersion "1"]
[SourceVersionDate "2017.01.17"]
[SourceQuality "1"]

1. d4 Nf6 2. c4 g6 3. Nf3 Bg7 4. g3 c6 5. Bg2 d5 6. O-O O-O 7. Nbd2 Bf5 8. b3
Ne4 9. Bb2 Nd7 10. Nh4 Nxd2 11. Qxd2 Be6 12. Nf3 Nb6 13. cxd5 Bxd5 14. Qc2 f5
15. Rfd1 Qd6 16. e3 Rad8 17. Qe2 a5 18. Nd2 Bxg2 19. Kxg2 Qe6 20. Re1 Qd5+ 21.
Kg1 e5 22. Nc4 Nxc4 23. bxc4 Qe6 24. dxe5 Bxe5 25. Rad1 Bxb2 26. Qxb2 Qxc4 27.
Qxb7 Qxa2 28. Qxc6 Rc8 29. Qd5+ Qxd5 30. Rxd5 Ra8 31. Ra1 a4 32. Rd4 a3 33. Rd3
Kg7 34. h4 Rf7 35. Rdxa3 Rxa3 36. Rxa3 Rb7 37. Ra2 h5 38. Kg2 Rb6 39. Kf3 Kf6
40. Ra4 Rb2 41. Ra6+ Kf7 42. Rd6 Ra2 43. Rd1 Kf6 44. Re1 Rb2 45. Re2 Rb6 46.
Ra2 Rc6 47. Ke2 Rd6 48. Rd2 Ra6 49. Rc2 Rb6 50. Ra2 Rd6 51. Rc2 Ra6 52. Kd3
Rd6+ 53. Kc3 Rc6+ 54. Kd2 Rd6+ 55. Kc1 Ke5 56. Rd2 1/2-1/2

[Event "Wch Rapid"]
[Site "Doha"]
[Date "2016.12.28"]
[Round "11"]
[White "Radjabov, Teimour"]
[Black "Bu, Xiangzhi"]
[Result "1/2-1/2"]
[WhiteElo "2710"]
[BlackElo "2705"]
[PlyCount "54"]
[EventDate "2016.12.26"]
[EventType "swiss (rapid)"]
[EventRounds "15"]
[EventCountry "QAT"]
[SourceTitle "CBM 176"]
[Source "ChessBase"]
[SourceDate "2017.01.17"]
[SourceVersion "1"]
[SourceVersionDate "2017.01.17"]
[SourceQuality "1"]

1. d4 d5 2. c4 c6 3. Nf3 Nf6 4. Nc3 dxc4 5. a4 Bf5 6. e3 e6 7. Bxc4 Bb4 8. O-O
Nbd7 9. Qe2 O-O 10. e4 Bg6 11. Bd3 Bh5 12. e5 Nd5 13. Nxd5 cxd5 14. Qe3 Be7 15.
Ng5 Bxg5 16. Qxg5 Bg6 17. Be2 Qxg5 18. Bxg5 Nb8 19. Bd2 Nc6 20. Bc3 Rfc8 21. a5
a6 22. f3 Na7 23. Rfc1 Nb5 24. Bxb5 axb5 25. Bb4 Rc4 26. Rxc4 bxc4 27. Kf2 f6
1/2-1/2

[Event "Wch Rapid"]
[Site "Doha"]
[Date "2016.12.28"]
[Round "12"]
[White "Jakovenko, Dmitrij"]
[Black "Radjabov, Teimour"]
[Result "1-0"]
[WhiteElo "2704"]
[BlackElo "2710"]
[PlyCount "65"]
[EventDate "2016.12.26"]
[EventType "swiss (rapid)"]
[EventRounds "15"]
[EventCountry "QAT"]
[SourceTitle "CBM 176"]
[Source "ChessBase"]
[SourceDate "2017.01.17"]
[SourceVersion "1"]
[SourceVersionDate "2017.01.17"]
[SourceQuality "1"]

1. d4 Nf6 2. c4 g6 3. Nc3 Bg7 4. e4 d6 5. Nf3 O-O 6. h3 e5 7. d5 Qe7 8. Be3 a5
9. g4 Na6 10. Nd2 Nd7 11. a3 Nac5 12. Be2 f5 13. gxf5 gxf5 14. Qc2 f4 15. Bxc5
Nxc5 16. Bg4 Bf6 17. O-O-O Kh8 18. Kb1 Rg8 19. Rdg1 Bd7 20. Qd1 Qf7 21. Nb3
Nxb3 22. Qxb3 Bh4 23. Nd1 h5 24. Qf3 hxg4 25. hxg4 Qe7 26. g5 Qh7 27. Rxh4 Qxh4
28. Rh1 Qxh1 29. Qxh1+ Kg7 30. Qh6+ Kf7 31. Qf6+ Ke8 32. g6 Rf8 33. Qg7 1-0

[Event "Wch Rapid"]
[Site "Doha"]
[Date "2016.12.28"]
[Round "13"]
[White "Radjabov, Teimour"]
[Black "Jumabayev, Rinat"]
[Result "1/2-1/2"]
[WhiteElo "2710"]
[BlackElo "2611"]
[PlyCount "94"]
[EventDate "2016.12.26"]
[EventType "swiss (rapid)"]
[EventRounds "15"]
[EventCountry "QAT"]
[SourceTitle "CBM 176"]
[Source "ChessBase"]
[SourceDate "2017.01.17"]
[SourceVersion "1"]
[SourceVersionDate "2017.01.17"]
[SourceQuality "1"]

1. Nf3 Nf6 2. c4 g6 3. g3 Bg7 4. Bg2 c6 5. d4 d5 6. Nbd2 O-O 7. O-O a5 8. Ne5
a4 9. Ndf3 Ne4 10. cxd5 cxd5 11. Be3 Nd6 12. Rc1 Qb6 13. Qc2 Bf5 14. Qc7 Qxc7
15. Rxc7 Bf6 16. Nd2 Na6 17. Rcc1 Be6 18. f4 Rfc8 19. a3 Bg7 20. Bf2 f5 21.
Rfd1 Ne4 22. Be1 Nc7 23. e3 Ne8 24. Bf1 N8d6 25. Nxe4 dxe4 26. Bb4 Bb3 27. Re1
Be6 28. Kf2 Bf6 29. h4 Kg7 30. Be2 h5 31. Rg1 Bxe5 32. fxe5 Nc4 33. Bxc4 Bxc4
34. Bxe7 Kf7 35. Bc5 Bd5 36. Rc3 Rc6 37. Kg2 b6 38. Bb4 Rxc3 39. bxc3 Ke6 40.
Rh1 Rh8 41. Kf2 Rg8 42. Rb1 Rc8 43. Ke2 Ba2 44. Rg1 Bc4+ 45. Kd2 Bb3 46. Rh1
Bc4 47. Rb1 Ba2 1/2-1/2

[Event "Wch Rapid"]
[Site "Doha"]
[Date "2016.12.28"]
[Round "14"]
[White "Banikas, Hristos"]
[Black "Radjabov, Teimour"]
[Result "1/2-1/2"]
[WhiteElo "2568"]
[BlackElo "2710"]
[PlyCount "67"]
[EventDate "2016.12.26"]
[EventType "swiss (rapid)"]
[EventRounds "15"]
[EventCountry "QAT"]
[SourceTitle "CBM 176"]
[Source "ChessBase"]
[SourceDate "2017.01.17"]
[SourceVersion "1"]
[SourceVersionDate "2017.01.17"]
[SourceQuality "1"]

1. Nf3 Nf6 2. d4 d5 3. c4 e6 4. Nc3 Be7 5. Bf4 O-O 6. e3 Nbd7 7. a3 c5 8. cxd5
Nxd5 9. Nxd5 exd5 10. dxc5 Nxc5 11. Be2 Bf6 12. Be5 Bxe5 13. Nxe5 Qb6 14. Qd4
Be6 15. Rd1 Rac8 16. Nf3 Rfd8 17. O-O h6 18. h3 Rc7 19. Nd2 Nd7 20. Qxb6 Nxb6
21. Rc1 Rdc8 22. Rxc7 Rxc7 23. Bd3 Kf8 24. Nf3 Na4 25. Rb1 Ke7 26. Nd4 a6 27.
h4 Kd6 28. Kf1 Bd7 29. Ke1 h5 30. Be2 g6 31. Kd2 Nc5 32. f3 Rc8 33. Rc1 Rg8 34.
Rh1 1/2-1/2